| 000 | 00669cab a2200217 4500 | ||
|---|---|---|---|
| 001 | WB3137-03 | ||
| 008 | 090401t1995 xxu||||| |||| 00| 0 eng d | ||
| 035 | _a(Sirsi) u14822 | ||
| 041 | _aeng | ||
| 245 | _aClient partners vital for survival | ||
| 260 | _c1995 | ||
| 350 | _a0 | ||
| 490 |
_aConstruction News _v(6435) 5 October 1995, 5(1) |
||
| 520 | _aKPMG accountants have launched a partnering service where clients and contractors link on a long-term basis in order to reduce project costs and timescales. | ||
| 650 | _aCONSTRUCTION CLIENTS | ||
| 650 | _aKPMG | ||
| 650 | _aPARTNERING | ||
| 690 | _aBUILT ENVIRONMENT | ||
| 942 | _n0 | ||
| 948 | _c04/03/1997 | ||
| 999 |
_c9677 _d9677 |
||